Groundwater quality in abandoned underground coal mine aquifers across West Virginia /

Bibliographic Details
Main Authors: McAdoo, Mitchell A. (Author), Connock, Gregory T. (Author), Kozar, Mark D. (Author)
Corporate Author: West Virginia. Department of Environmental Protection
Format: Government Document eBook
Language:English
Published: Reston, Virginia : U.S. Department of the Interior, U.S. Geological Survey, 2023.
Series:Scientific investigations report ; 2023-5091.
Subjects:
Online Access:https://purl.fdlp.gov/GPO/gpo232677

MARC

Tag First Indicator Second Indicator Subfields
LEADER 00000nam a2200000 i 4500
001 in00005610313
006 m o d f
007 cr |||||||||||
008 241008s2023 vauab ob f000 0 eng d
005 20241219164158.1
035 |a (OCoLC)on1459213812 
040 |a GPO  |b eng  |e rda  |e pn  |c GPO  |d MvI 
043 |a n-us-wv 
049 |a WWW 
074 |a 0624-B-02 (online) 
086 0 |a I 19.42/4-4:2023-5091 
100 1 |a McAdoo, Mitchell A.,  |0 https://id.loc.gov/authorities/names/n2021001337  |e author. 
245 1 0 |a Groundwater quality in abandoned underground coal mine aquifers across West Virginia /  |c by Mitchell A. McAdoo, Gregory T. Connock, and Mark D. Kozar. 
264 1 |a Reston, Virginia :  |b U.S. Department of the Interior, U.S. Geological Survey,  |c 2023. 
300 |a 1 online resource (vii, 28 pages) :  |b illustrations (some color), maps. 
336 |a text  |b txt  |2 rdacontent 
337 |a computer  |b c  |2 rdamedia 
338 |a online resource  |b cr  |2 rdacarrier 
490 1 |a Scientific investigations report,  |x 2328-0328 ;  |v 2023-5091 
500 |a In scope of the U.S. Government Publishing Office Cataloging and Indexing Program (C&I) and Federal Depository Library Program (FDLP). 
500 |a "Prepared in cooperation with the West Virginia Department of Environmental Protection." 
500 |a GPO Cataloging Record Distribution Program (CRDP). 
504 |a Includes bibliographical references (pages 26-28). 
588 |a Description based on online resource, PDF version; title from title page (USGS, viewed September 11, 2024). 
650 0 |a Coal mines and mining  |x Environmental aspects  |z West Virginia. 
650 0 |a Groundwater  |x Pollution  |z West Virginia. 
650 0 |a Water quality  |z West Virginia. 
650 0 |a Aquifers  |z West Virginia. 
700 1 |a Connock, Gregory T.,  |e author. 
700 1 |a Kozar, Mark D.,  |0 https://id.loc.gov/authorities/names/n96094771  |e author. 
710 2 |a Geological Survey (U.S.),  |0 https://id.loc.gov/authorities/names/n80092173  |e issuing body. 
710 1 |a West Virginia.  |b Department of Environmental Protection.  |0 https://id.loc.gov/authorities/names/no95040811 
830 0 |a Scientific investigations report ;  |0 https://id.loc.gov/authorities/names/n2004006657  |v 2023-5091. 
856 4 0 |u https://purl.fdlp.gov/GPO/gpo232677  |t 0 
999 f f |i 0d65094a-8554-4cb0-8b15-90764fed43a0  |s 711c7e89-0615-4cde-b5cf-97560c548a19  |t 0 
952 f f |a Texas A&M University  |b College Station  |c Electronic Resources  |d Available Online  |t 0  |e I 19.42/4-4:2023-5091  |h Superintendent of Documents classification 
998 f f |a I 19.42/4-4:2023-5091  |t 0  |l Available Online